Conversaciones con Mussolini / (Record no. 95062)

MARC details
000 -LEADER
campo de control de longitud fija 00633nam a2200193 i 4500
001 - NÚMERO DE CONTROL
campo de control 95062
003 - IDENTIFICADOR DE NÚMERO DE CONTROL
campo de control ES-MaACL
005 - FECHA Y HORA DE LA ÚLTIMA TRANSACCIÓN
campo de control 20250811131953.0
007 - CAMPO FIJO DE DESCRIPCIÓN FÍSICA--INFORMACIÓN GENERAL
campo de control de longitud fija t|
008 - DATOS DE LONGITUD FIJA--INFORMACIÓN GENERAL
campo de control de longitud fija 050520s1932 sp f ||||1|dspa d
100 1# - ENTRADA PRINCIPAL--NOMBRE DE PERSONA
Nombre de persona Ludwig, Emil.
9 (RLIN) 74618
245 10 - MENCIÓN DEL TÍTULO
Título Conversaciones con Mussolini /
Mención de responsabilidad, etc. Emil Ludwig ; traducción directa del alemán por Gonzalo de Reparaz (hijo).
260 ## - PUBLICACIÓN, DISTRIBUCIÓN, ETC.
Lugar de publicación, distribución, etc. Barcelona :
Nombre del editor, distribuidor, etc. [s.n.],
Fecha de publicación, distribución, etc. 1932 (
Fabricante Imp. Atenas)
300 ## - DESCRIPCIÓN FÍSICA
Extensión 222 p., 8 lám. ;
Dimensiones 19 cm.
600 14 - PUNTO DE ACCESO ADICIONAL DE MATERIA--NOMBRE DE PERSONA
Nombre de persona Mussolini, Benito,
Fechas asociadas al nombre 1883-1945
9 (RLIN) 84705
700 1# - ENTRADA AGREGADA--NOMBRE PERSONAL
Nombre de persona Reparaz, Gonzalo de,
Fechas asociadas al nombre 1901-1984
9 (RLIN) 155843
852 ## - LOCALIZACIÓN
Ubicación ES-MaACL
Número de control de estantería B-12559
Holdings
Estatus retirado Estado de pérdida Estado de daño No para préstamo Biblioteca de origen Biblioteca actual Ubicación en estantería Fecha de adquisición Fuente de adquisición Total de préstamos Signatura topográfica completa Código de barras Visto por última vez Precio de reemplazo Tipo de ítem Koha
        Biblioteca del Ateneo de Madrid Biblioteca del Ateneo de Madrid Sala Pardo Bazán 17/01/2008     B-12559 1099271 23/02/2023 23/02/2023 Libro impreso